LIBRARY & INFORMATION CENTRE, KCAET, TAVANUR

ONLINE PUBLIC ACCESS CATALOGUE (OPAC)

Thermal processing of packaged foods / (Record no. 15444)

MARC details
000 -LEADER
fixed length control field 00360nam a22001337a 4500
020 ## - INTERNATIONAL STANDARD BOOK NUMBER
ISBN 9783319249025
082 ## - DEWEY DECIMAL CLASSIFICATION NUMBER
Classification number 664.0282
Item number HOL/TH
100 ## - MAIN ENTRY--AUTHOR NAME
Personal name Holdsworth , s donald .
245 ## - TITLE STATEMENT
Title Thermal processing of packaged foods /
250 ## - EDITION STATEMENT
Edition statement 3rd ed.
260 ## - PUBLICATION, DISTRIBUTION, ETC. (IMPRINT)
Place of publication Switzerland ;
Name of publisher Spinger International publishing ,
Year of publication 2016 .
300 ## - PHYSICAL DESCRIPTION
Number of Pages 466 ; .
942 ## - ADDED ENTRY ELEMENTS (KOHA)
Koha item type Books
Holdings
Withdrawn status Lost status Damaged status Home library Current library Shelving location Date acquired Full call number Accession Number Koha item type Collection code
      KAUAET KAUAET Reference1 04/06/2018 664.0282 HOL/TH 25733 Books  
      KAUAET KAUAET General Stacks 27/08/2022 664.0282 HOL/TH 23081 Books General Books
free website counter